MDQL
is popping MORE tags! Check the
thread
!
Quizzes
Events
Quiz Creation
Community
Videos
Private Events
Remove Ads
Sign In
Join for FREE
Feedback
Dark Mode
Quiz Categories
Sports
Geography
Music
Movies
Television
Just For Fun
Miscellaneous
History
Literature
Language
Science
Gaming
Entertainment
Religion
Holiday
For Kids
Quiz Lab
Recent
Popular Today
Quiz Kudos Today
Editor Picks
Curator Picks
Quizzes by...
Day
Popularity
Type
Ratings
Length
Year
Community
Subscriptions
Recent Discussions
Orange Saloon
Badges
Playlists
Quests
Create
Leaderboards
Showdown
Live 5
Trivia Bingo
Activity
Puzzle Library
Sporcle Events
Private Events
Virtual Trivia
Globe League
Become a Host
Pub Owners
SporcleCon
Opinionation
Our Games
Videos
Blog
Mobile Apps
Partnerships
Remove Ads and Go Orange
Feedback
Sports
Athletes
MLB
NBA
NHL
NFL
Soccer
Sports Teams
WWE
NCAA
Football
Premier League
Basketball
Baseball
Hockey
Golf
Tennis
Cricket
Rugby
Auto Racing
Olympics
World Cup
Sports
Athletes
MLB
NBA
NHL
NFL
Soccer
Sports Teams
WWE
NCAA
Football
Premier League
Basketball
Baseball
Hockey
Golf
Tennis
Cricket
Rugby
Auto Racing
Olympics
World Cup
Random Quiz
Search Sporcle
×
Quiz Lab
Quiz Lab
Sports
Basketball
Type in answers that appear in a list
Type in answers that appear in a list
Classic
Best Score? Go Orange.
BLITZ - Pro Team Nicknames, for Short Stats
Can you name the Nicknames (short version) for these teams from the big 4 pro leagues (NFL, MLB, NBA, NHL)?
By
Blimpyboy
2m
36 Questions
3,127 Plays
3,127 Plays
3,127 Plays
Comments
Comments
Give Quiz Kudos
Give Quiz Kudos
-
- Ratings
hide this ad
Forced Order
Answers have to be entered in order
Answers have to be entered in order
Replay
Link that replays current quiz
Next Quiz
Link to next quiz in quiz playlist
You Got
0%
They Got
Avg Score
59%
Avg Friend Score
Upgrade to see
Score Distribution
Jump to the score distribution portion of the page
Score
0/36
Timer
02:00
0
Plays Today
City (League)
Nickname
% Correct
Dallas (NBA)
Mavs
93.2%
St. Louis (MLB)
Cards
92.6%
New York (MLB-
AL)
Yanks
89.2%
Portland (NBA)
Blazers
88%
Cleveland (NBA)
Cavs
86.2%
Jacksonville (NFL)
Jags
86%
Green Bay (NFL)
Pack
84.7%
Washington (NHL)
Caps
82.1%
Colorado (NHL)
Avs
77.3%
Pittsburgh (NHL)
Pens
76.9%
Chicago (NHL)
Hawks
75%
Washington (NFL)
Skins
74.1%
Boston (MLB)
BoSox
71.7%
Detroit (NHL)
Wings
70.8%
Ottawa (NHL)
Sens
70.4%
Minnesota (NBA)
T-wolves
64.6%
New England (NFL)
Pats
62.1%
Baltimore (MLB)
Os
61%
City (League)
Nickname
% Correct
Montreal (NHL)
Habs
60.1%
Vancouver (NHL)
Nucks
60.1%
Pittsburgh (MLB)
Bucs
57.6%
Oakland (MLB)
As
57.4%
Arizona (MLB)
D-backs
48.1%
Chicago (MLB-
AL)
ChiSox
46.5%
Tampa Bay (NFL)
Bucs
42.9%
Houston (MLB)
Stros
42%
Nashville (NHL)
Preds
39.8%
Cleveland (MLB)
Tribe
38.4%
New York (NHL -
the team on Long Island)
Isles
35.7%
Washington (MLB)
Nats
35.5%
Arizona (NFL)
Cards
32.2%
Carolina (NHL)
Canes
32%
Toronto (NHL)
Leafs
31.6%
Tampa Bay (NHL)
Bolts
28.8%
Miami (NFL)
Phins
26.9%
Seattle (MLB)
Ms
22.2%
Quiz Playlist
Details
Report
Send in Message
Add To Playlist
Classic:
Type in answers that appear in a list
Forced Order:
Answers have to be entered in order
Last Updated: Feb 16, 2017
Quiz Scoreboard
CHALLENGE
Sign Up to Join the Scoreboard
Show All
Scores
Hide
Comments
May contain spoilers
Recently Published
Image Sorting: Flags VI
by Barbecue
Geography
2m
Find the 'City' Movie
by crazypaving
Movies
60s
Colored Red Africa Blitz
by spor1
Geography
45s
More to Explore
Quiz From the Vault
Featured Blog Post
14 Easter Pick-up Lines to Find Eggs With
hide this ad
You Might Also Like...
Tags
Baseball Quiz
Basketball Quiz
City Quiz
MLB Quiz
NBA Quiz
NFL Quiz
full
League
nickname
pro
short
team
Team Nicknames
Version
Today's Top Quizzes in Sports
Browse Sports
hide this ad
Today's Top Quizzes in Basketball
Browse Basketball
Top Contributed Quizzes in Sports
1
Les meilleurs buteurs des matchs entre le PSG et l’OM
2
Les entraîneurs de l'OM et du PSG au 21e siècle
3
2022 World Cup Stars
4
Les joueurs passés par le PSG et l'OM
5
Players with Multiple 50 Home Run Seasons
6
Criteria MLB: Left Handed Sluggers
7
FIFA Club World Cup Champions
8
Les joueurs passés par le LOSC et le RC Lens
9
NBA Logic Puzzle 2.0
10
Top 10 NHL Goal Scorers of All Time
Explore More
Trending Topics
Anime
NBA
Kpop
Crossword
Marvel
Disney
Harry Potter
Puzzle
Soccer
Song
Country
The Office
NFL
WWE
Pokémon
hide this ad
More By:
Blimpyboy
Quiz
Plays
Rating
Category
Featured
Created
MLB Payrolls Minefield
32,496
3.21
Sports
Jun 28, 2011
BLITZ - Pro Team Nicknames, for Short
3,127
2.80
Sports
Jun 3, 2011
MLB Team Winning Percentage Minefield
2,010
3.36
Sports
Jul 6, 2011
They Were in That?
1,701
4.19
Movies
Jun 24, 2011
Harry Potter Quidditch Results
1,528
4.36
Literature
Apr 7, 2011
Go to Creator's Profile
Score Distribution
Quiz Creator Spotlight
Blimpyboy
Follow
Send a Message
Quizzes Created
-
Created Quiz Play Count
-
More By This Creator
Popular Quizzes Today
1
Colored Red Africa Blitz
2
Find the US States - No Outlines Minefield
3
Find the 'City' Movie
4
5x2 Blitz: Bands
5
The Countries of the World
6
Find the US States
7
Find the Countries of Europe - No Outlines Minefield
8
US States
More Sports Quizzes
Big 4 Losers
Published
Trending Quizzes
Colored Red Europe Blitz I
Colored Red Africa Blitz II
Colored Red Europe Blitz II
Colored Red Africa Blitz III
Colored Red Europe Blitz III
Recently Updated
How Do You Spell That?
pecheneg
Godzilla Movies
pecheneg
Grab Bag: 4-10 Letters
pecheneg
2024 March Madness Bracket
pecheneg
Famous TV Couples
Peacemaker
Champions League XIs: Real Madrid
pecheneg
Largest US Cities 1790-2010
pecheneg
Rides in Walt Disney World
pecheneg
Most Oscar Losses (Acting)
pecheneg
Beyoncé Albums
pecheneg
Trending Topics
Harry Potter
Crossword
Kpop
Marvel
Disney
Anime
NBA
The Office
Pokémon
NFL
Song
Country
WWE
Puzzle
Soccer
Your Account Isn't Verified!
In order to create a playlist on Sporcle, you need to verify the email address you used during registration. Go to your
Sporcle Settings
to finish the process.
Report this User
Report this user for behavior that violates our
Community Guidelines
.
Details:
Send Report
Go to the Sporcle.com Mobile Site →
Comments